[Event "NRW U18 op"]
[Site "Olpe"]
[Date "2005.10.01"]
[Round "1.23"]
[White "Trippe, Robin"]
[Black "Liebsch, Eva"]
[Result "1-0"]
[WhiteElo "1723"]
[BlackElo "1237"]
[PlyCount "67"]
[EventDate "2005.10.01"]
[EventType "swiss"]
[EventRounds "7"]
[EventCountry "GER"]
[SourceTitle "CBM 108 Extra"]
[Source "ChessBase"]
[SourceDate "2005.11.04"]
[SourceVersion "1"]
[SourceVersionDate "2005.11.04"]
[SourceQuality "1"]

1. d4 d5 2. e4 dxe4 3. Nc3 Nc6 4. Bb5 Bd7 5. Nxe4 e6 6. Nf3 Be7 7. d5 Nf6 8. dxc6 Bxc6 9. Nxf6+ Bxf6 10. Bxc6+ bxc6 11. Qxd8+ Rxd8 12. c3 0-0 13. 0-0 Rd5 14. Be3 a6 15. Rfd1 Rfd8 16. Rd2 Rxd2 17. Nxd2 Rd5 18. Kf1 Rb5 19. b3 Bxc3 20. Rc1 Bxd2 21. Bxd2 Rd5 22. Ke2 Rd6 23. Bb4 Rd4 24. Rc4 Rxc4 25. bxc4 f6 26. Ba5 Kf7 27. Bxc7 Ke7 28. f4 f5 29. Be5 g6 30. Kd3 Kd7 31. Kd4 Kc8 32. Kc5 Kb7 33. a4 h5 34. a5 1-0

[Event "Leverkusen op"]
[Site "Leverkusen"]
[Date "2004.04.19"]
[Round "8"]
[White "Liebsch, Eva"]
[Black "Ruland, Wolfgang"]
[Result "0-1"]
[WhiteElo "1100"]
[BlackElo "1535"]
[PlyCount "52"]
[EventDate "2004.01.12"]
[EventType "swiss"]
[EventRounds "9"]
[EventCountry "GER"]
[SourceTitle "EXT 2006"]
[Source "ChessBase"]
[SourceDate "2005.11.24"]
[SourceVersion "1"]
[SourceVersionDate "2005.11.24"]
[SourceQuality "1"]

1. e4 c5 2. Bc4 Nc6 3. d3 e6 4. Nf3 d5 5. exd5 exd5 6. Bb3 Qe7+ 7. Qe2 Qxe2+ 8. Kxe2 Be6 9. Re1 Nf6 10. Bf4 Be7 11. Kf1 0-0 12. Nbd2 b5 13. a3 h6 14. c3 Rfe8 15. Ne5 Bd6 16. Bg3 Nxe5 17. Bxe5 Bxe5 18. Rxe5 Ng4 19. Rh5 g6 20. Rh4 Bf5 21. h3 Bxd3+ 22. Kg1 Nf6 23. Rf4 Kg7 24. Rf3 c4 25. Ba2 Re2 26. Rd1 Bc2 0-1

[Event "Leverkusen-ch 15th"]
[Site "Leverkusen"]
[Date "2003.03.24"]
[Round "7"]
[White "Liebsch, Eva"]
[Black "Teuber, Alfons"]
[Result "0-1"]
[WhiteElo "1178"]
[BlackElo "1205"]
[PlyCount "70"]
[EventDate "2003.01.06"]
[EventType "swiss"]
[EventRounds "9"]
[EventCountry "GER"]
[SourceTitle "EXT 2006"]
[Source "ChessBase"]
[SourceDate "2005.11.24"]
[SourceVersion "1"]
[SourceVersionDate "2005.11.24"]
[SourceQuality "1"]

1. e4 e5 2. Bc4 Nc6 3. Nf3 d6 4. h3 a6 5. Nc3 Nd4 6. Nxd4 exd4 7. Nd5 b5 8. Bb3 Bb7 9. c3 c6 10. Nf4 c5 11. Bd5 Bxd5 12. Nxd5 Ne7 13. Nxe7 Qxe7 14. f3 d3 15. 0-0 Qc7 16. a4 Rb8 17. Re1 c4 18. b3 Be7 19. bxc4 Qc5+ 20. Kh1 Qxc4 21. axb5 axb5 22. Ba3 0-0 23. e5 Qd5 24. exd6 Bxd6 25. Bxd6 Qxd6 26. Qb3 Qf4 27. Qb2 h5 28. Ra5 Rfe8 29. Rxe8+ Rxe8 30. Qc1 Re5 31. Ra8+ Kh7 32. Rd8 Qf5 33. Qf1 Re2 34. g4 Qf4 35. Rxd3 Qh2# 0-1

[Event "Leverkusen-ch 15th"]
[Site "Leverkusen"]
[Date "2003.02.03"]
[Round "3"]
[White "Liebsch, Eva"]
[Black "Hoeper, Heinz Joachim"]
[Result "0-1"]
[WhiteElo "1178"]
[BlackElo "1516"]
[PlyCount "54"]
[EventDate "2003.01.06"]
[EventType "swiss"]
[EventRounds "9"]
[EventCountry "GER"]
[SourceTitle "EXT 2006"]
[Source "ChessBase"]
[SourceDate "2005.11.24"]
[SourceVersion "1"]
[SourceVersionDate "2005.11.24"]
[SourceQuality "1"]

1. e4 d5 2. exd5 Qxd5 3. Nc3 Qa5 4. Bc4 Bf5 5. d3 e6 6. Nf3 c6 7. Bd2 Qc7 8. 0-0 Nf6 9. g3 Bd6 10. Qc1 Nbd7 11. Bf4 Bxf4 12. Qxf4 Qxf4 13. gxf4 Nd5 14. Nxd5 cxd5 15. Bb5 a6 16. Bxd7+ Kxd7 17. Ne5+ Ke7 18. c4 f6 19. Nf3 Bxd3 20. Rfd1 Be2 21. Kg2 Bxd1 22. Rxd1 dxc4 23. b3 cxb3 24. axb3 Rhe8 25. h3 Rad8 26. Rxd8 Rxd8 27. Kf1 Rd3 0-1

[Event "Leverkusen-ch 15th"]
[Site "Leverkusen"]
[Date "2003.01.20"]
[Round "2"]
[White "Balduan, Karl Heinz"]
[Black "Liebsch, Eva"]
[Result "1-0"]
[WhiteElo "1613"]
[BlackElo "1178"]
[PlyCount "37"]
[EventDate "2003.01.06"]
[EventType "swiss"]
[EventRounds "9"]
[EventCountry "GER"]
[SourceTitle "EXT 2006"]
[Source "ChessBase"]
[SourceDate "2005.11.24"]
[SourceVersion "1"]
[SourceVersionDate "2005.11.24"]
[SourceQuality "1"]

1. d4 d5 2. Nf3 Bf5 3. Bf4 e6 4. e3 Nf6 5. Nbd2 Nc6 6. Bb5 Ne4 7. Ne5 Qc8 8. Nxc6 bxc6 9. Bxc6+ Kd8 10. Bxa8 Qxa8 11. 0-0 Qb7 12. f3 Nxd2 13. Qxd2 Qxb2 14. Rfc1 Ba3 15. Qa5 Ke7 16. Qxc7+ Kf6 17. g4 Bg6 18. g5+ Kf5 19. Qe5# 1-0